banner koha

Programa Brasil Quilombola (Registro n. 329278)

MARC details
000 -LÍDER
Campo de controle fixo 00853nam a22003017a 4500
001 - NÚMERO DE CONTROLE
Número de controle BR2024004203
003 - CÓDIGO MARC DA AGÊNCIA CATALOGADORA
Campo de controle BR-BrBNA
005 - DATA E HORA DA ÚLTIMA ATUALIZAÇÃO
Campo de controle 20241220154647.0
008 - CAMPO DE TAMANHO FIXO
Campo fixo de controle 241215b bl.||||| |||| 00| 0 por d
040 ## - FONTE DA CATALOGAÇÃO
Agência catalogadora BR-BrBNA
Idioma da catalogação por
041 ## - CÓDIGO DO IDIOMA
Código do Idioma por
072 ## - CATEGORIA AGRIS
Código da categoria de assunto/objeto <a href="E50 ; E11 ; E10">E50 ; E11 ; E10</a>
090 ## - NÚMERO DE CHAMADA
Localização na estante E50 BR2024004203
Código BR 2024-8505
110 ## - ENTRADA PRINCIPAL - ENTIDADE
Nome da entidade ou lugar Secretaria Especial de Políticas de Promoção da Igualdade Racial, Brasília, DF (Brasil)
245 ## - TÍTULO PRINCIPAL
Título principal Programa Brasil Quilombola
260 ## - IMPRENTA (PUBLICAÇÃO, DISTRIBUIÇÃO, ETC.)
Lugar de publicação, distribuição, etc. Brasília, DF (Brasil)
Data de publicação, distribuição, etc 2005
300 ## - DESCRIÇÃO FÍSICA
Extensão 48 p.
500 ## - NOTA GERAL
Notas gerais 31 illus.; 1 table
650 ## - ASSUNTO - THESAGRO
Cabeçalho tópico ou nome geográfico POLÍTICAS PÚBLICAS
650 ## - ASSUNTO - THESAGRO
Cabeçalho tópico ou nome geográfico POLÍTICA GOVERNAMENTAL
650 ## - ASSUNTO - THESAGRO
Cabeçalho tópico ou nome geográfico PROGRAMA DE GOVERNO
650 ## - ASSUNTO - THESAGRO
Cabeçalho tópico ou nome geográfico COMUNIDADE RURAL
650 ## - ASSUNTO - THESAGRO
Cabeçalho tópico ou nome geográfico LEGISLAÇÃO
650 ## - ASSUNTO - THESAGRO
Cabeçalho tópico ou nome geográfico DESINTRUSÃO
650 ## - ASSUNTO - THESAGRO
Cabeçalho tópico ou nome geográfico SOCIOLOGIA RURAL
909 ## - IDENTIFICAÇÃO DO CATALOGADOR
Ano e mês da catalogação (aaaamm) 202412
Identificação do catalogador Fernando
942 ## - TIPO ESPECÍFICO
Tipo de material Livros
952 ## - LOCATION AND ITEM INFORMATION (KOHA)
-- 2024-12-15
Exemplares
Status de empréstimo Fonte de classificação Status de danificação Não pode ser emprestado Código da coleção Localização permanente Localização atual Localização na estante Total Checkouts Número de chamada Código de barras Tipo de material
  Classificação AGRIS     Agrobase Biblioteca Nacional de Agricultura - Binagri Biblioteca Nacional de Agricultura - Binagri Agrobase - Acervo Geral   E50 BR2024004203 2024-8505 Livros

BINAGRI

Telefone: (61)3218-2567/2388/3357/2097 - binagri@agro.gov.br

Ministério da Agricultura e Pecuária , Esplanada dos Ministérios, Bloco D, Anexo B, Brasília/DF, CEP: 70.043-900